[Event "EYCC 2024 - O16"]
[Site "?"]
[Date "2024.08.31"]
[Round "9.2"]
[White "Hajialiyev, Islam"]
[Black "Ostensen, Nicolai Maxime"]
[Result "0-1"]
[BlackElo "2292"]
[WhiteElo "2173"]
[LiveChessVersion "1.4.8"]

1. e4 {[%clk 1:30:58]} c5 {[%clk 1:30:48]} 2. c3 {[%clk 1:31:26]} Nf6
{[%clk 1:28:47]} 3. e5 {[%clk 1:31:14]} Nd5 {[%clk 1:29:11]} 4. d4
{[%clk 1:31:43]} cxd4 {[%clk 1:29:17]} 5. Nf3 {[%clk 1:32:10]} Nc6
{[%clk 1:28:58]} 6. cxd4 {[%clk 1:31:26]} d6 {[%clk 1:28:59]} 7. Bc4
{[%clk 1:31:43]} e6 {[%clk 1:29:05]} 8. exd6 {[%clk 1:31:06]} Bxd6
{[%clk 1:26:51]} 9. Nc3 {[%clk 1:28:46]} Nf6 {[%clk 1:24:23]} 10. O-O
{[%clk 1:26:59]} O-O {[%clk 1:24:13]} 11. Qe2 {[%clk 1:23:22]} Bd7
{[%clk 1:19:59]} 12. Rd1 {[%clk 1:20:24]} Nb4 {[%clk 1:19:10]} 13. Bg5
{[%clk 1:20:20]} Be7 {[%clk 1:18:18]} 14. Ne5 {[%clk 1:12:57]} Bc6
{[%clk 1:11:16]} 15. Nxc6 {[%clk 1:10:09]} bxc6 {[%clk 1:11:00]} 16. Rac1
{[%clk 1:10:01]} Nbd5 {[%clk 1:07:31]} 17. Bb3 {[%clk 1:06:55]} h6
{[%clk 1:02:37]} 18. Bh4 {[%clk 1:05:39]} Qa5 {[%clk 1:00:55]} 19. Bg3
{[%clk 1:05:38]} Rac8 {[%clk 0:59:33]} 20. Na4 {[%clk 1:06:06]} Qb5
{[%clk 0:55:01]} 21. Qf3 {[%clk 1:05:35]} Nd7 {[%clk 0:52:09]} 22. Nc3
{[%clk 1:05:41]} Nxc3 {[%clk 0:49:51]} 23. bxc3 {[%clk 1:03:18]} Rfd8
{[%clk 0:42:59]} 24. h3 {[%clk 0:58:36]} Nf8 {[%clk 0:40:48]} 25. Rb1
{[%clk 0:54:51]} Qa5 {[%clk 0:39:51]} 26. Bf4 {[%clk 0:55:19]} Bd6
{[%clk 0:38:04]} 27. Bd2 {[%clk 0:54:41]} c5 {[%clk 0:32:24]} 28. c4
{[%clk 0:53:16]} Qc7 {[%clk 0:31:35]} 29. dxc5 {[%clk 0:51:37]} Qxc5
{[%clk 0:28:49]} 30. Be3 {[%clk 0:49:55]} Qa5 {[%clk 0:28:24]} 31. Bd4
{[%clk 0:46:22]} Be5 {[%clk 0:26:04]} 32. Be3 {[%clk 0:46:41]} Bd6
{[%clk 0:26:07]} 33. Qg4 {[%clk 0:41:59]} Kh8 {[%clk 0:22:07]} 34. Qf3
{[%clk 0:41:54]} Kg8 {[%clk 0:22:32]} 35. Qb7 {[%clk 0:40:36]} Bc5
{[%clk 0:20:53]} 36. Bf4 {[%clk 0:38:44]} e5 {[%clk 0:19:16]} 37. Bxe5
{[%clk 0:38:18]} Bxf2+ {[%clk 0:19:27]} 38. Kxf2 {[%clk 0:38:46]} Qxe5
{[%clk 0:19:50]} 39. Qxa7 {[%clk 0:39:00]} Rxd1 {[%clk 0:18:11]} 40. Rxd1
{[%clk 0:39:27]} Rc5 {[%clk 0:11:56]} 41. Qa8 {[%clk 0:33:48]} Qf4+
{[%clk 0:11:18]} 42. Kg1 {[%clk 0:34:09]} Rf5 {[%clk 0:09:56]} 43. Kh1
{[%clk 0:27:38]} g6 {[%clk 0:09:28]} 44. Qd8 {[%clk 0:26:58]} Re5
{[%clk 0:08:24]} 45. Qd2 {[%clk 0:26:45]} Qg3 {[%clk 0:07:29]} 46. Rf1
{[%clk 0:26:14]} Rc5 {[%clk 0:04:54]} 47. Qxh6 {[%clk 0:24:07]} Rg5
{[%clk 0:04:33]} 48. Rg1 {[%clk 0:24:15]} Ne6 {[%clk 0:04:19]} 49. Bd1
{[%clk 0:24:17]} Nf4 {[%clk 0:03:41]} 50. Bf3 {[%clk 0:21:14]} Re5
{[%clk 0:01:25]} 51. Rf1 {[%clk 0:19:20]} Rh5 {[%clk 0:00:59]} 52. Qxh5
{[%clk 0:18:50]} gxh5 {[%clk 0:01:07]} 53. c5 {[%clk 0:18:55]} Ne6
{[%clk 0:01:05]} 54. c6 {[%clk 0:19:10]} h4 {[%clk 0:00:59]} 55. a4
{[%clk 0:16:51]} Qe5 {[%clk 0:01:03]} 56. Rd1 {[%clk 0:16:28]} Qa5
{[%clk 0:01:06]} 57. Bg4 {[%clk 0:14:47]} Qxa4 {[%clk 0:00:54]} 58. Bf3
{[%clk 0:14:56]} Qa5 {[%clk 0:00:50]} 59. Bg4 {[%clk 0:14:53]} Qc5
{[%clk 0:00:57]} 60. Bf3 {[%clk 0:15:12]} Nd4 {[%clk 0:01:09]} 61. Rf1
{[%clk 0:14:44]} Kg7 {[%clk 0:01:11]} 62. Be4 {[%clk 0:14:55]} f5
{[%clk 0:01:06]} 63. Bf3 {[%clk 0:15:20]} Kf6 {[%clk 0:01:14]} 64. Kh2
{[%clk 0:15:39]} Kg5 {[%clk 0:01:24]} 65. Kh1 {[%clk 0:15:39]} Qc4
{[%clk 0:01:13]} 66. Kg1 {[%clk 0:16:08]} Kf6 {[%clk 0:01:27]} 67. Rf2
{[%clk 0:16:23]} Qc5 {[%clk 0:01:47]} 68. Kh1 {[%clk 0:16:29]} Nxc6
{[%clk 0:02:07]} 0-1

[Event "EYCC 2024 - O16"]
[Site "?"]
[Date "2024.08.31"]
[Round "9.3"]
[White "Dyachuk, Artem"]
[Black "Hauchamps, Maxime"]
[Result "0-1"]
[BlackElo "2157"]
[WhiteElo "2263"]
[LiveChessVersion "1.4.8"]

1. e4 {[%clk 1:31:00]} c5 {[%clk 1:30:54]} 2. Nf3 {[%clk 1:31:29]} d6
{[%clk 1:31:18]} 3. d4 {[%clk 1:31:55]} cxd4 {[%clk 1:31:44]} 4. Nxd4
{[%clk 1:32:21]} Nf6 {[%clk 1:32:09]} 5. Nc3 {[%clk 1:32:46]} Nc6
{[%clk 1:32:35]} 6. Bg5 {[%clk 1:33:12]} e6 {[%clk 1:33:01]} 7. Qd2
{[%clk 1:33:29]} a6 {[%clk 1:33:23]} 8. O-O-O {[%clk 1:33:53]} Be7
{[%clk 1:33:49]} 9. f3 {[%clk 1:33:50]} O-O {[%clk 1:33:49]} 10. h4
{[%clk 1:34:18]} Nxd4 {[%clk 1:33:50]} 11. Qxd4 {[%clk 1:34:40]} b5
{[%clk 1:34:13]} 12. h5 {[%clk 1:32:00]} h6 {[%clk 1:32:55]} 13. Be3
{[%clk 1:32:23]} Nd7 {[%clk 1:28:02]} 14. f4 {[%clk 1:25:57]} Qa5
{[%clk 1:19:21]} 15. Kb1 {[%clk 1:23:57]} b4 {[%clk 1:17:37]} 16. Ne2
{[%clk 1:24:18]} e5 {[%clk 1:16:59]} 17. fxe5 {[%clk 1:01:16]} dxe5
{[%clk 1:15:22]} 18. Qd5 {[%clk 0:58:18]} Qxd5 {[%clk 1:13:53]} 19. Rxd5
{[%clk 0:57:53]} Nf6 {[%clk 1:03:59]} 20. Ra5 {[%clk 0:46:41]} Bd8
{[%clk 1:00:55]} 21. Rc5 {[%clk 0:45:54]} Bb7 {[%clk 0:51:40]} 22. Rc4
{[%clk 0:40:49]} Nxe4 {[%clk 0:51:58]} 23. Rxb4 {[%clk 0:41:12]} Bc6
{[%clk 0:51:02]} 24. Nc1 {[%clk 0:38:50]} Ng3 {[%clk 0:32:27]} 25. Rg1
{[%clk 0:39:13]} a5 {[%clk 0:32:11]} 26. Rg4 {[%clk 0:37:07]} Nxf1
{[%clk 0:31:47]} 27. Rxf1 {[%clk 0:35:28]} f5 {[%clk 0:31:27]} 28. Rg6
{[%clk 0:35:12]} Bf6 {[%clk 0:29:12]} 29. Rxf5 {[%clk 0:30:20]} Be4
{[%clk 0:29:10]} 30. g4 {[%clk 0:30:46]} Bxf5 {[%clk 0:25:56]} 31. gxf5
{[%clk 0:31:14]} Bg5 {[%clk 0:20:42]} 32. Bxg5 {[%clk 0:30:44]} hxg5
{[%clk 0:21:11]} 33. Rxg5 {[%clk 0:30:11]} Kf7 {[%clk 0:20:11]} 34. Rg6
{[%clk 0:29:18]} Rh8 {[%clk 0:20:11]} 35. Ne2 {[%clk 0:19:14]} Rxh5
{[%clk 0:19:32]} 36. Ng3 {[%clk 0:19:41]} Rxf5 {[%clk 0:17:33]} 37. Rxg7+
{[%clk 0:20:06]} Kxg7 {[%clk 0:17:58]} 38. Nxf5+ {[%clk 0:20:32]} Kf6
{[%clk 0:18:23]} 39. Ne3 {[%clk 0:21:00]} Kg5 {[%clk 0:18:00]} 40. Kc1
{[%clk 0:21:12]} Rd8 {[%clk 0:16:41]} 41. c4 {[%clk 0:20:07]} Kf4
{[%clk 0:16:58]} 42. Nd5+ {[%clk 0:20:34]} Kf3 {[%clk 0:17:23]} 43. Kd2
{[%clk 0:18:58]} e4 {[%clk 0:17:48]} 44. Ke1 {[%clk 0:18:28]} e3 {[%clk 0:18:12]}
45. Nc3 {[%clk 0:18:48]} Rh8 {[%clk 0:18:36]} 46. Kd1 {[%clk 0:19:15]} Rh1+
{[%clk 0:18:32]} 47. Kc2 {[%clk 0:19:41]} e2 {[%clk 0:18:51]} 48. Nxe2
{[%clk 0:20:08]} Kxe2 {[%clk 0:19:17]} 49. a3 {[%clk 0:20:31]} Ke3
{[%clk 0:19:26]} 0-1

[Event "EYCC 2024 - O16"]
[Site "?"]
[Date "2024.08.31"]
[Round "9.4"]
[White "Arnold, Rhys"]
[Black "Mattenberger, Matthias"]
[Result "1/2-1/2"]
[BlackElo "2257"]
[WhiteElo "2171"]
[LiveChessVersion "1.4.8"]

1. e4 {[%clk 1:30:22]} c5 {[%clk 1:30:52]} 2. Nf3 {[%clk 1:30:47]} d6
{[%clk 1:31:00]} 3. d4 {[%clk 1:31:12]} cxd4 {[%clk 1:31:26]} 4. Nxd4
{[%clk 1:31:38]} Nf6 {[%clk 1:31:42]} 5. Nc3 {[%clk 1:32:06]} a6 {[%clk 1:32:02]}
6. Be3 {[%clk 1:32:11]} e5 {[%clk 1:32:10]} 7. Nf3 {[%clk 1:32:37]} Be7
{[%clk 1:32:24]} 8. Bc4 {[%clk 1:32:54]} O-O {[%clk 1:32:42]} 9. O-O
{[%clk 1:32:51]} Nc6 {[%clk 1:33:01]} 10. Bg5 {[%clk 1:32:25]} Nd7
{[%clk 1:32:20]} 11. Bxe7 {[%clk 1:30:25]} Qxe7 {[%clk 1:32:44]} 12. Nd5
{[%clk 1:21:54]} Qd8 {[%clk 1:32:48]} 13. Re1 {[%clk 1:21:10]} Nb6
{[%clk 1:25:47]} 14. Nxb6 {[%clk 1:13:39]} Qxb6 {[%clk 1:26:10]} 15. b3
{[%clk 1:13:57]} Bg4 {[%clk 1:25:07]} 16. h3 {[%clk 1:12:26]} Bxf3
{[%clk 1:23:32]} 17. Qxf3 {[%clk 1:12:06]} Rac8 {[%clk 1:22:37]} 18. c3
{[%clk 1:05:48]} Qc7 {[%clk 1:14:36]} 19. Bd5 {[%clk 0:54:03]} Ne7
{[%clk 1:12:38]} 20. Red1 {[%clk 0:54:15]} Nxd5 {[%clk 0:57:50]} 21. Rxd5
{[%clk 0:54:36]} Qxc3 {[%clk 0:58:08]} 22. Qxc3 {[%clk 0:54:49]} Rxc3
{[%clk 0:58:34]} 23. Rxd6 {[%clk 0:55:12]} Rfc8 {[%clk 0:58:41]} 24. Rad1
{[%clk 0:55:16]} Kf8 {[%clk 0:58:02]} 25. f3 {[%clk 0:54:40]} 1/2-1/2

[Event "EYCC 2024 - O16"]
[Site "?"]
[Date "2024.08.31"]
[Round "9.5"]
[White "Sawicki, Dorian"]
[Black "Leitgeb, Julian"]
[Result "1/2-1/2"]
[BlackElo "2313"]
[WhiteElo "2030"]
[LiveChessVersion "1.4.8"]

1. d4 {[%clk 1:30:59]} Nf6 {[%clk 1:30:59]} 2. c4 {[%clk 1:31:20]} e6
{[%clk 1:31:25]} 3. Nf3 {[%clk 1:31:44]} d5 {[%clk 1:31:51]} 4. cxd5
{[%clk 1:31:56]} exd5 {[%clk 1:32:19]} 5. Nc3 {[%clk 1:31:58]} c6
{[%clk 1:32:43]} 6. Bg5 {[%clk 1:32:03]} h6 {[%clk 1:32:47]} 7. Bh4
{[%clk 1:32:08]} Bf5 {[%clk 1:33:01]} 8. e3 {[%clk 1:32:06]} Nbd7
{[%clk 1:33:06]} 9. Bd3 {[%clk 1:32:18]} Bxd3 {[%clk 1:33:34]} 10. Qxd3
{[%clk 1:32:46]} Be7 {[%clk 1:33:32]} 11. O-O {[%clk 1:30:56]} O-O
{[%clk 1:33:20]} 12. Bg3 {[%clk 1:30:55]} Ne8 {[%clk 1:26:31]} 13. Rad1
{[%clk 1:20:21]} Nd6 {[%clk 1:14:37]} 14. b3 {[%clk 1:16:23]} Nf6
{[%clk 1:10:55]} 15. Nd2 {[%clk 1:15:04]} Rc8 {[%clk 0:53:14]} 16. f3
{[%clk 1:07:03]} Nh5 {[%clk 0:41:14]} 17. Bf2 {[%clk 1:01:37]} f5
{[%clk 0:39:26]} 18. Ne2 {[%clk 0:49:46]} Bh4 {[%clk 0:34:10]} 19. g3
{[%clk 0:46:21]} Be7 {[%clk 0:33:49]} 20. e4 {[%clk 0:35:03]} fxe4
{[%clk 0:31:38]} 21. fxe4 {[%clk 0:33:56]} dxe4 {[%clk 0:28:05]} 22. Nxe4
{[%clk 0:34:19]} Nxe4 {[%clk 0:27:03]} 23. Qxe4 {[%clk 0:34:38]} Nf6
{[%clk 0:26:02]} 24. Qe6+ {[%clk 0:34:08]} Kh7 {[%clk 0:26:22]} 25. Nf4
{[%clk 0:33:50]} Qd7 {[%clk 0:24:37]} 26. d5 {[%clk 0:26:47]} 1/2-1/2

[Event "EYCC 2024 - O16"]
[Site "?"]
[Date "2024.08.31"]
[Round "9.6"]
[White "Radu, David Cr."]
[Black "Kolimar, Kristof Pal"]
[Result "0-1"]
[BlackElo "2306"]
[WhiteElo "2159"]
[LiveChessVersion "1.4.8"]

1. e4 {[%clk 1:30:56]} c5 {[%clk 1:30:57]} 2. c3 {[%clk 1:31:17]} d5
{[%clk 1:31:20]} 3. exd5 Qxd5 {[%clk 1:31:46]} 4. d4 {[%clk 1:32:02]} Nf6
{[%clk 1:32:12]} 5. Nf3 e6 {[%clk 1:33:04]} 6. Na3 {[%clk 1:31:32]} Nc6
{[%clk 1:33:14]} 7. Nb5 Qd8 8. dxc5 {[%clk 1:20:59]} Bxc5 {[%clk 1:33:37]} 9.
Qxd8+ {[%clk 1:20:49]} Kxd8 {[%clk 1:34:02]} 10. Bf4 {[%clk 1:21:04]} Ne4
{[%clk 1:32:33]} 11. Bc4 {[%clk 1:03:35]} Bd7 {[%clk 1:11:22]} 12. O-O-O
{[%clk 0:31:39]} Nxf2 {[%clk 0:55:45]} 13. Ng5 {[%clk 0:31:55]} Rf8
{[%clk 0:34:41]} 14. Nc7 {[%clk 0:16:39]} Nxd1 {[%clk 0:31:52]} 15. Rxd1
{[%clk 0:15:02]} Be3+ {[%clk 0:25:04]} 16. Bxe3 {[%clk 0:14:45]} Kxc7
{[%clk 0:25:33]} 17. Bc5 {[%clk 0:14:59]} Rad8 {[%clk 0:19:32]} 18. b4
{[%clk 0:13:08]} h6 {[%clk 0:16:38]} 19. Ne4 {[%clk 0:13:19]} Bc8
{[%clk 0:15:24]} 20. Nd6 {[%clk 0:09:18]} b6 {[%clk 0:14:59]} 21. Nb5+
{[%clk 0:09:41]} Kb8 {[%clk 0:15:20]} 22. Bxf8 {[%clk 0:09:10]} Rxf8
{[%clk 0:15:48]} 23. Rf1 {[%clk 0:08:01]} Ne5 {[%clk 0:10:14]} 24. Bb3
{[%clk 0:07:44]} Ba6 {[%clk 0:09:31]} 25. a4 {[%clk 0:08:12]} Rd8
{[%clk 0:09:42]} 26. Kc2 {[%clk 0:04:57]} Bb7 {[%clk 0:08:01]} 27. Re1
{[%clk 0:04:57]} Ng4 {[%clk 0:06:53]} 28. h3 {[%clk 0:05:04]} Nf6
{[%clk 0:07:01]} 29. Re2 {[%clk 0:05:07]} Ne4 {[%clk 0:05:18]} 30. Nd4
{[%clk 0:04:23]} Rc8 {[%clk 0:04:11]} 31. Re3 {[%clk 0:04:51]} Nd6
{[%clk 0:03:36]} 32. g4 {[%clk 0:04:40]} Nc4 {[%clk 0:02:35]} 33. Re2
{[%clk 0:04:26]} Bd5 {[%clk 0:02:48]} 34. Rf2 {[%clk 0:04:09]} Rc7
{[%clk 0:02:35]} 35. b5 {[%clk 0:04:01]} Be4+ {[%clk 0:01:48]} 36. Kc1
{[%clk 0:04:15]} Na5 {[%clk 0:01:29]} 37. Bc2 {[%clk 0:04:23]} Bd5
{[%clk 0:01:33]} 38. Kb2 {[%clk 0:03:01]} Nc4+ {[%clk 0:01:44]} 39. Kc1
{[%clk 0:03:17]} Nd6 {[%clk 0:01:09]} 40. Kb2 {[%clk 0:03:31]} Kc8
{[%clk 0:01:18]} 41. Bb3 {[%clk 0:03:26]} Bxb3 {[%clk 0:01:12]} 42. Kxb3
{[%clk 0:03:53]} Rxc3+ 0-1

[Event "EYCC 2024 - O16"]
[Site "?"]
[Date "2024.08.31"]
[Round "9.7"]
[White "Toktomushev, Teimur"]
[Black "Hartofylakas, Spyros"]
[Result "1/2-1/2"]
[BlackElo "2117"]
[WhiteElo "2279"]
[LiveChessVersion "1.4.8"]

1. d4 {[%clk 1:30:56]} Nf6 {[%clk 1:30:50]} 2. c4 {[%clk 1:31:14]} e6
{[%clk 1:30:41]} 3. Nf3 {[%clk 1:31:37]} c5 {[%clk 1:30:52]} 4. d5
{[%clk 1:31:50]} b5 {[%clk 1:31:13]} 5. dxe6 {[%clk 1:31:55]} fxe6
{[%clk 1:31:32]} 6. cxb5 {[%clk 1:32:19]} a6 {[%clk 1:31:49]} 7. bxa6
{[%clk 1:32:41]} Bxa6 {[%clk 1:31:59]} 8. g3 {[%clk 1:33:02]} Nc6
{[%clk 1:32:16]} 9. Bg2 {[%clk 1:33:22]} Be7 {[%clk 1:32:34]} 10. O-O
{[%clk 1:33:44]} O-O {[%clk 1:32:56]} 11. Nc3 {[%clk 1:09:26]} d5
{[%clk 1:31:23]} 12. Bf4 {[%clk 0:51:35]} h6 {[%clk 1:28:14]} 13. Qc2
{[%clk 0:39:38]} Qe8 {[%clk 1:24:57]} 14. Ne5 {[%clk 0:28:25]} Nd4
{[%clk 1:14:35]} 15. Qg6 {[%clk 0:18:57]} Bxe2 {[%clk 1:12:27]} 16. Rfe1
{[%clk 0:14:06]} Bh5 {[%clk 1:11:57]} 17. Qxe8 {[%clk 0:08:18]} Rfxe8
{[%clk 1:11:31]} 18. Rac1 {[%clk 0:06:08]} Bd6 {[%clk 1:10:18]} 19. Ng6
{[%clk 0:01:18]} Bxf4 {[%clk 1:09:26]} 20. Nxf4 {[%clk 0:01:45]} Bf3
{[%clk 1:08:17]} 21. b3 {[%clk 0:00:43]} Rad8 {[%clk 1:02:22]} 22. Nd3
{[%clk 0:00:32]} Ne4 {[%clk 0:58:26]} 23. Nxe4 {[%clk 0:00:38]} dxe4
{[%clk 0:58:46]} 24. Nxc5 {[%clk 0:01:01]} Ne2+ {[%clk 0:59:09]} 25. Rxe2
{[%clk 0:01:27]} Bxe2 {[%clk 0:59:31]} 26. Bxe4 {[%clk 0:00:32]} Rd2
{[%clk 0:58:51]} 27. a4 {[%clk 0:00:51]} Rb8 {[%clk 0:57:23]} 28. Ra1
{[%clk 0:00:32]} Rd1+ {[%clk 0:55:52]} 29. Rxd1 {[%clk 0:00:58]} Bxd1
{[%clk 0:56:21]} 30. Nxe6 {[%clk 0:00:34]} Rxb3 {[%clk 0:53:27]} 31. Nc5
{[%clk 0:00:31]} Ra3 {[%clk 0:53:36]} 32. Bc6 {[%clk 0:00:32]} Kh8
{[%clk 0:51:14]} 33. Ne6 {[%clk 0:00:32]} Bf3 {[%clk 0:46:16]} 34. Bxf3
{[%clk 0:00:49]} Rxf3 {[%clk 0:46:44]} 35. h4 {[%clk 0:00:52]} Ra3
{[%clk 0:46:57]} 36. Kg2 {[%clk 0:01:08]} Rxa4 {[%clk 0:47:18]} 37. Nf4
{[%clk 0:01:23]} Kg8 {[%clk 0:47:22]} 38. Kf3 {[%clk 0:01:45]} Kf7
{[%clk 0:46:21]} 39. Kg2 {[%clk 0:01:59]} g6 {[%clk 0:42:46]} 40. Kf3
{[%clk 0:01:49]} Ra3+ {[%clk 0:39:39]} 41. Kg2 {[%clk 0:02:06]} Kf6
{[%clk 0:38:04]} 42. Nd5+ {[%clk 0:02:13]} Ke6 {[%clk 0:38:13]} 43. Nf4+
{[%clk 0:02:09]} Kf5 {[%clk 0:38:04]} 44. Nd5 {[%clk 0:01:17]} Ke6
{[%clk 0:36:45]} 45. Nf4+ {[%clk 0:01:42]} Kf5 {[%clk 0:35:20]} 46. Nd5
{[%clk 0:02:08]} g5 {[%clk 0:31:35]} 47. hxg5 {[%clk 0:02:20]} hxg5
{[%clk 0:31:59]} 48. Ne3+ {[%clk 0:02:29]} Ke4 {[%clk 0:31:47]} 49. Ng4
{[%clk 0:02:29]} Rb3 {[%clk 0:29:47]} 50. Nh2 {[%clk 0:01:49]} Ra3 1/2-1/2

[Event "EYCC 2024 - O16"]
[Site "?"]
[Date "2024.08.31"]
[Round "9.8"]
[White "Craciun, Sasha-Matei"]
[Black "Krawczyk, Flawian"]
[Result "1-0"]
[BlackElo "2263"]
[WhiteElo "2135"]
[LiveChessVersion "1.4.8"]

1. e4 {[%clk 1:30:48]} c5 {[%clk 1:30:30]} 2. Nf3 {[%clk 1:31:06]} d6
{[%clk 1:30:53]} 3. d4 {[%clk 1:31:30]} cxd4 {[%clk 1:31:20]} 4. Nxd4
{[%clk 1:31:52]} Nf6 {[%clk 1:31:48]} 5. Nc3 {[%clk 1:32:02]} a6 {[%clk 1:32:15]}
6. h3 {[%clk 1:32:18]} e5 {[%clk 1:32:41]} 7. Nde2 {[%clk 1:32:13]} h5
{[%clk 1:33:06]} 8. g3 {[%clk 1:32:39]} b5 {[%clk 1:33:19]} 9. Nd5
{[%clk 1:31:48]} Nbd7 {[%clk 1:32:24]} 10. Nec3 {[%clk 1:30:05]} Bb7
{[%clk 1:31:38]} 11. Bg2 {[%clk 1:30:25]} Rc8 {[%clk 1:23:50]} 12. O-O
{[%clk 1:20:31]} Nxd5 {[%clk 1:22:56]} 13. Nxd5 {[%clk 1:20:52]} Bxd5
{[%clk 1:22:32]} 14. exd5 {[%clk 1:21:13]} h4 {[%clk 1:20:41]} 15. g4
{[%clk 1:19:27]} Be7 {[%clk 1:20:55]} 16. a4 {[%clk 1:15:11]} O-O
{[%clk 1:14:30]} 17. axb5 {[%clk 1:14:48]} axb5 {[%clk 1:14:54]} 18. c3
{[%clk 1:14:28]} Bg5 {[%clk 1:12:59]} 19. Bxg5 {[%clk 1:05:26]} Qxg5
{[%clk 1:13:07]} 20. Ra6 {[%clk 1:05:44]} Qe7 {[%clk 1:10:32]} 21. Qe2
{[%clk 1:02:38]} Rb8 {[%clk 1:08:25]} 22. b4 {[%clk 1:02:04]} f5 {[%clk 1:01:48]}
23. Kh1 {[%clk 0:58:34]} e4 {[%clk 0:42:50]} 24. Ra7 {[%clk 0:53:25]} Qe8
{[%clk 0:40:54]} 25. gxf5 {[%clk 0:50:11]} Nf6 {[%clk 0:40:58]} 26. Re1
{[%clk 0:48:39]} Qe5 {[%clk 0:41:00]} 27. Qe3 {[%clk 0:41:05]} Rbc8
{[%clk 0:28:05]} 28. Qg5 {[%clk 0:39:41]} Rf7 {[%clk 0:28:16]} 29. Rxf7
{[%clk 0:39:46]} Kxf7 {[%clk 0:28:44]} 30. Ra1 {[%clk 0:33:13]} Qxc3
{[%clk 0:27:07]} 31. Ra7+ {[%clk 0:33:19]} Rc7 {[%clk 0:27:32]} 32. Qg6+
{[%clk 0:32:06]} Kg8 {[%clk 0:27:07]} 33. Ra8+ {[%clk 0:31:03]} Rc8
{[%clk 0:27:36]} 34. Ra7 {[%clk 0:31:24]} Qc1+ {[%clk 0:27:04]} 35. Kh2
{[%clk 0:31:53]} Qh6 {[%clk 0:21:35]} 36. Qxh6 {[%clk 0:31:55]} gxh6
{[%clk 0:22:03]} 37. Ra6 {[%clk 0:26:46]} Rc4 {[%clk 0:18:14]} 38. Rxd6
{[%clk 0:27:10]} Kf7 {[%clk 0:18:33]} 39. Rb6 {[%clk 0:24:40]} Rxb4
{[%clk 0:18:26]} 40. d6 {[%clk 0:24:51]} Rb2 {[%clk 0:17:16]} 41. Kg1
{[%clk 0:24:52]} Rb1+ {[%clk 0:16:33]} 42. Bf1 {[%clk 0:25:11]} b4
{[%clk 0:15:49]} 43. Kg2 {[%clk 0:25:30]} Nh5 {[%clk 0:09:04]} 44. Bc4+
{[%clk 0:25:33]} Kg7 {[%clk 0:09:29]} 45. d7 {[%clk 0:24:42]} Rd1
{[%clk 0:09:52]} 46. Be6 {[%clk 0:24:12]} Nf4+ {[%clk 0:07:30]} 47. Kh2
{[%clk 0:24:41]} Rd2 {[%clk 0:07:48]} 48. Rxb4 {[%clk 0:22:10]} Rxf2+
{[%clk 0:07:37]} 49. Kg1 {[%clk 0:22:29]} Nxh3+ {[%clk 0:07:45]} 50. Kh1
{[%clk 0:22:58]} Rd2 {[%clk 0:08:02]} 51. f6+ {[%clk 0:23:25]} Kxf6
{[%clk 0:08:22]} 52. Bxh3 {[%clk 0:23:52]} e3 {[%clk 0:08:40]} 53. Re4
{[%clk 0:23:34]} Kg5 {[%clk 0:08:11]} 54. Rxe3 {[%clk 0:23:41]} Kf4
{[%clk 0:08:36]} 55. Re8 {[%clk 0:23:53]} Rd1+ {[%clk 0:08:50]} 56. Kg2
{[%clk 0:24:13]} Rd2+ {[%clk 0:09:15]} 57. Kf1 {[%clk 0:24:35]} Kg3
{[%clk 0:09:17]} 58. d8=Q {[%clk 0:24:50]} Rxd8 {[%clk 0:09:44]} 59. Rxd8
{[%clk 0:25:16]} Kxh3 {[%clk 0:10:10]} 60. Rd3+ {[%clk 0:25:36]} 1-0

[Event "EYCC 2024 - O16"]
[Site "?"]
[Date "2024.08.31"]
[Round "9.10"]
[White "Elias, David"]
[Black "Georgiadis, Anastasios"]
[Result "1-0"]
[BlackElo "2171"]
[WhiteElo "2246"]
[LiveChessVersion "1.4.8"]

1. d4 {[%clk 1:30:59]} e6 {[%clk 1:30:54]} 2. c4 {[%clk 1:31:21]} Nf6
{[%clk 1:31:19]} 3. Nc3 {[%clk 1:31:46]} Bb4 {[%clk 1:31:43]} 4. e3
{[%clk 1:32:11]} O-O {[%clk 1:32:06]} 5. Bd2 {[%clk 1:32:31]} b6 {[%clk 1:32:20]}
6. Nf3 {[%clk 1:32:30]} Bb7 {[%clk 1:32:32]} 7. Bd3 {[%clk 1:32:50]} d5
{[%clk 1:32:43]} 8. cxd5 {[%clk 1:33:13]} exd5 {[%clk 1:33:04]} 9. Qc2
{[%clk 1:33:39]} Nbd7 {[%clk 1:31:44]} 10. O-O {[%clk 1:33:36]} a6
{[%clk 1:27:52]} 11. Ne5 {[%clk 1:27:31]} Re8 {[%clk 1:23:28]} 12. f4
{[%clk 1:27:33]} c5 {[%clk 1:22:12]} 13. Bf5 {[%clk 1:24:22]} Nf8
{[%clk 1:18:06]} 14. Rad1 {[%clk 1:18:44]} cxd4 {[%clk 1:16:11]} 15. exd4
{[%clk 1:19:09]} Bxc3 {[%clk 1:15:22]} 16. Bxc3 {[%clk 1:07:09]} Ne4
{[%clk 1:09:06]} 17. Bb4 {[%clk 0:56:06]} f6 {[%clk 0:49:00]} 18. Bxf8
{[%clk 0:52:46]} fxe5 {[%clk 0:34:37]} 19. dxe5 {[%clk 0:52:15]} Qh4
{[%clk 0:27:14]} 20. Qc7 {[%clk 0:51:30]} Rxf8 {[%clk 0:27:07]} 21. Qxb7
{[%clk 0:50:56]} Nc5 {[%clk 0:27:06]} 22. Qxb6 {[%clk 0:49:54]} Rxf5
{[%clk 0:27:09]} 23. Qxc5 {[%clk 0:50:14]} Raf8 {[%clk 0:27:33]} 24. Qxd5+
{[%clk 0:50:07]} Kh8 {[%clk 0:27:58]} 25. g3 {[%clk 0:50:31]} Qg4
{[%clk 0:28:25]} 26. Qe4 {[%clk 0:48:47]} h5 {[%clk 0:28:44]} 27. Qf3
{[%clk 0:48:53]} Qg6 {[%clk 0:28:43]} 28. Rd6 {[%clk 0:49:10]} Qe8
{[%clk 0:29:10]} 29. Qc6 {[%clk 0:48:19]} Qb8 {[%clk 0:29:29]} 30. e6
{[%clk 0:48:02]} h4 {[%clk 0:29:46]} 31. Qb6 {[%clk 0:44:30]} Qe8
{[%clk 0:29:47]} 32. Re1 {[%clk 0:43:02]} hxg3 {[%clk 0:29:51]} 33. hxg3
{[%clk 0:43:04]} Qg6 {[%clk 0:29:52]} 34. Kg2 {[%clk 0:30:29]} Rxf4
{[%clk 0:28:47]} 35. e7 {[%clk 0:30:34]} Qc2+ {[%clk 0:28:18]} 36. Kg1
{[%clk 0:30:45]} 1-0